Highest ski stations in Europe - Statistics

General Stats
  • This quiz has been taken 12 times
  • The average score is 3 of 15
Answer Stats
Hint Answer % Correct
3842 m Chamonix
64%
3456 m Tignes/Val d'Isere
55%
3899 m Zermatt
55%
3330 m Alpe d'Huez
45%
3330 m Verbier
36%
3573 m Saas-Fee
18%
3282 m Sierra Nevada
18%
3340 m Sölden
18%
3466 m Courmayeur
9%
3847 m Mount Elbrus
9%
3275 m Alagna Valsesia
0%
3303 m Corvatsh
0%
3534 m La Grave
0%
3440 m Pitztal Glacier
0%
3450 m Stelvio Pass
0%
No matching quizzes found
Score Distribution
Percent of People with Each Score
Percentile by Number Answered
Your Score History
You have not taken this quiz